000 00591nam a22001817a 4500
005 20251108165336.0
008 250721s1982 xx 000 0 ara d
082 1 4 _a956.93/زيا
100 1 _aعلي، زياد محمود
245 1 0 _aعداء اليهود للحركة الإسلامية :
_bدراسة و ثائقيه /
264 1 _aعمان :
_bدار الفرقان للنشر و التوزيع،
_c1982.
300 _a168ص
490 0 _aدراسات إسلاميه هادفه ؛1
650 1 7 _aاليهود
650 1 7 _aالتاريخ
942 _2ddc
_cBK
999 _c25569
_d25569